UM Logo

Seven student-centered principles: (Record no. 15750)

MARC details
000 -LEADER
fixed length control field 00773nam a22002057a 4500
003 - CONTROL NUMBER IDENTIFIER
control field OSt
005 - DATE AND TIME OF LATEST TRANSACTION
control field 20260325203406.0
008 - FIXED-LENGTH DATA ELEMENTS--GENERAL INFORMATION
fixed length control field 181213b ||||| |||| 00| 0 eng d
022 ## - INTERNATIONAL STANDARD SERIAL NUMBER
International Standard Serial Number 0730-3084
040 ## - CATALOGING SOURCE
Transcribing agency 0
082 ## - DEWEY DECIMAL CLASSIFICATION NUMBER
Classification number DPer 613.705 J863 Sept 2015-Apr 2016 v. 86-87
100 ## - MAIN ENTRY--PERSONAL NAME
Personal name Trendowski, Thomas Nathan.
9 (RLIN) 42566
245 ## - TITLE STATEMENT
Title Seven student-centered principles:
Remainder of title for smart teaching in physical education/
Statement of responsibility, etc. Thomas Nathan Trendowski and Amelia Mays Woods.
260 ## - PUBLICATION, DISTRIBUTION, ETC. (IMPRINT)
Place of publication, distribution, etc. Philadelphia:
Name of publisher, distributor, etc. Shape America-Society of Health and Physical Educators,
Date of publication, distribution, etc. ©Sept 2015-Apr 2016.
300 ## - PHYSICAL DESCRIPTION
Extent v86, n8, pages 41-47:
Other physical details illustrations;
Dimensions 28 cm.
500 ## - GENERAL NOTE
General note JOPERD
650 ## - SUBJECT ADDED ENTRY--TOPICAL TERM
Topical term or geographic name as entry element Teaching
General subdivision Physical education.
9 (RLIN) 33110
700 ## - ADDED ENTRY--PERSONAL NAME
Personal name Woods, A. M.
Relator term Author.
9 (RLIN) 42569
942 ## - ADDED ENTRY ELEMENTS (KOHA)
Source of classification or shelving scheme Dewey Decimal Classification
Koha item type Periodicals

No items available.